Resistance of flexible payments to plastic deformation (Record no. 547655)
[ view plain ]
| 000 -LEADER | |
|---|---|
| fixed length control field | 00508cam a2200145Ki 4500 |
| 082 ## - DEWEY DECIMAL CLASSIFICATION NUMBER | |
| Classification number | 625.8 |
| Author Mark | ORG |
| -- | L-18, P-35 |
| 100 1# - MAIN ENTRY--PERSONAL NAME | |
| Personal name | Koop, Delmo E. |
| 9 (RLIN) | 43741 |
| 245 10 - TITLE STATEMENT | |
| Title | Resistance of flexible payments to plastic deformation |
| Remainder of title | Road research |
| 260 ## - PUBLICATION, DISTRIBUTION, ETC. | |
| Place of publication, distribution, etc. | France. |
| Name of publisher, distributor, etc. | Economic cor-operation and development |
| Date of publication, distribution, etc. | 1975. |
| 300 ## - PHYSICAL DESCRIPTION | |
| Extent | 122 p. |
| Other physical details | ill. |
| Dimensions | 35 cm. |
| 500 ## - GENERAL NOTE | |
| General note | U.S. Federal Highway Administration, its R & D report no. P-0249. |
| 526 ## - STUDY PROGRAM INFORMATION NOTE | |
| Program name | 0 |
| Interest level | 0 |
| Reading level | 0 |
| Title point value | 625_800000000000000_ORG |
| 650 ## - SUBJECT ADDED ENTRY--TOPICAL TERM | |
| Topical term or geographic name entry element | MCE |
| 9 (RLIN) | 379 |
| 942 ## - ADDED ENTRY ELEMENTS (KOHA) | |
| Source of classification or shelving scheme | |
| Koha item type | Book |
| Withdrawn status | Lost status | Source of classification or shelving scheme | Damaged status | Not for loan | Permanent Location | Current Location | Date acquired | Total Checkouts | Full call number | Barcode | Date last seen | Price effective from | Koha item type |
|---|---|---|---|---|---|---|---|---|---|---|---|---|---|
| Military College of Engineering (MCE) | Military College of Engineering (MCE) | 07/24/2014 | 625.8 ORG | MCE-24354 | 07/24/2014 | 07/24/2014 | Book |
